书目信息 |
| 题名: |
城市可持续发展战略实证研究
|
|
| 作者: | 王焰新 编著 | |
| 分册: | ||
| 出版信息: | 北京 中国环境科学出版社 2002.12 |
|
| 页数: | 172页 | |
| 开本: | 20cm | |
| 丛书名: | ||
| 单 册: | ||
| 中图分类: | X | |
| 科图分类: | ||
| 主题词: | 环境科学 , 劳动?0 , a安全学 a环境x综合研究 | |
| 电子资源: | ||
| ISBN: | 7-80163-408-X | |
| 000 | 00787nam0 2200229 45 | |
| 001 | 8056972723 | |
| 005 | 1980010415493207 | |
| 010 | @a7-80163-408-X@dRMB 18.00 | |
| 100 | @a19800104d km y0chiy0120 ea | |
| 101 | 0 | @achi |
| 102 | @aCN@b110000 | |
| 200 | 1 | @a城市可持续发展战略实证研究@ACheng Shi Ke Chi Xu Fa Zhan Zhan Lue Shi Zheng Yan Jiu@e改善环境与消除贫困@f王焰新等编著@FWang Yan Xin Deng Bian Zhu |
| 210 | @a北京@c中国环境科学出版社@d2002.12 | |
| 215 | @a172页@d20cm | |
| 517 | @a改善环境与消除贫困@AGai Shan Huan Jing Yu Xiao Chu Pin Kun | |
| 606 | 0 | @a环境科学 |
| 606 | 0 | @a劳动?0 |
| 606 | @@@@@@@@@@@a安全学 @a环境@x综合研究 | |
| 690 | @@@@@@@@@@@aX@aX22@v3 | |
| 701 | 0 | @a王焰新@AWang Yan Xin@4编著 |
| 801 | 0 | @@@@@@@@@@@aCN@bPFT@c19800104 |
| 905 | @@@@@@@@@@@dX22@eW417 | |
| 城市可持续发展战略实证研究:改善环境与消除贫困/王焰新等编著.-北京:中国环境科学出版社,2002.12 |
| 172页;20cm |
| ISBN 7-80163-408-X:RMB 18.00 |
| ● |
| 相关链接 |
|
|
|
正题名:城市可持续发展战略实证研究
索取号:X22/W417
 
预约/预借
| 序号 | 登录号 | 条形码 | 馆藏地/架位号 | 状态 | 备注 |
| 1 | 370110 | 203701100 | 自科库501/501自科库 64排7列1层/ [索取号:X22/W417] | 在馆 | |
| 2 | 370111 | 203701119 | 自科库501/501自科库 64排7列1层/ [索取号:X22/W417] | 在馆 |